00644nam a2200169Ia 450000500170000000800410001702000160005808200130007410000150008724500220010226000360012430000150016050001830017594200060035895200950036499900150045920241106060455.0240331s9999 xx 000 0 und d a 0140430784 bDICa823 aDickens, C 4aThe Pickwick Club a Englandb Penguin Booksc1972 a952 p .,  aThis is the book that carried the twenty four year old Dickens to fame, introduced him to the illustrator 'phiz', and gave us some of the immortal characters in comic literature. cL 001040708LaWERCLbWERCLcSSCd2024-03-31l0o 823 DICp1353r2024-03-31w2024-03-31yL c3328d3328